=LDR 00000nam 2200000 4500 =001 INLIS000000000037454 =005 20130612143202 =008 ***********************************Ind** =035 ##$$a0010-061300000037454 =041 ##$$a Ind =082 ##$$a 923.1 =090 ##$$a 923.1, Win b =100 ##$$a Winter, Jonah =245 ##$$a Barack, Jonah Winter; Alih bahasa, Dini Pandia =260 ##$$a 2009 $b Jakarta =300 ##$$a 31 hlm, Ilus, 27 cm =650 ##$$a Biografi Barack Obama =700 ##$$a Pandia, Dini =850 ##$$a NBPNMAT =990 ##$$a 0001/BPAP-NTB/20142014